000 00795cam a22002417a 4500
003 OSt
005 20240530110421.0
008 050901r20041993ua ab f 000 0 eng d
020 _a9774248341
035 _a(OCoLC)ocm56910194
040 _aEG-CaGPL
_cEG-CaGPL
042 _alccopycat
043 _af-ua---
082 0 4 _221
_a916.21\
_bH A
100 1 _aHaag, Michael,
_d1943-
245 1 0 _aAlexandria illustrated /
_cwritten and photographed by Michael Haag.
260 _aCairo ;
_aNew York :
_bAmerican University in Cairo Press,
_c2004.
300 _a80 p. :
_bcol. ill., col. maps ;
_c28 cm.
500 _a"First published in 1993 as Alexandria"--T.p. verso.
651 0 _aAlexandria (Egypt)
_xDescription and travel.
700 1 _aHaag, Michael,
_d1943-
_tAlexandria.
942 _2ddc
_cBK
999 _c60660
_d60660